<?xml version='1.0' encoding='UTF-8'?>
  <record xmlns="http://www.loc.gov/MARC21/slim">
    <leader>00000cam a2200000 i 4500</leader>
    <controlfield tag="001">ocm68037902</controlfield>
    <controlfield tag="003">OCoLC</controlfield>
    <controlfield tag="005">20250723163114.8</controlfield>
    <controlfield tag="008">980826s1591    fr            000 0 lat d</controlfield>
    <datafield tag="040" ind1=" " ind2=" ">
      <subfield code="a">NLGGC</subfield>
      <subfield code="b">dut</subfield>
      <subfield code="e">fobidrtb</subfield>
      <subfield code="c">NLGGC</subfield>
      <subfield code="d">QGJ</subfield>
      <subfield code="d">OCLCL</subfield>
      <subfield code="d">OCLCQ</subfield>
    </datafield>
    <datafield tag="029" ind1="0" ind2=" ">
      <subfield code="a">NLGGC</subfield>
      <subfield code="b">172694698</subfield>
    </datafield>
    <datafield tag="035" ind1=" " ind2=" ">
      <subfield code="a">(OCoLC)68037902</subfield>
    </datafield>
    <datafield tag="100" ind1="0" ind2=" ">
      <subfield code="a">Gregorius</subfield>
      <subfield code="b">XIV,</subfield>
      <subfield code="c">paus,</subfield>
      <subfield code="d">1535-1591.</subfield>
      <subfield code="1">https://id.oclc.org/worldcat/entity/E39PBJmhPXpTWhxQFVKpwr8KVC</subfield>
    </datafield>
    <datafield tag="245" ind1="1" ind2="0">
      <subfield code="a">Gregorii XIIII Papæ Litteræ monitoriales ad principes, duces, marchiones &amp;c et archiepiscopos, episcopos aliosque ecclesiasticos regni Francorum, qui regis partes sequuntur, et ad eas Turonense senatusconsultum.</subfield>
    </datafield>
    <datafield tag="246" ind1="3" ind2=" ">
      <subfield code="a">Litterae monitoriales ad principes, duces, marchiones</subfield>
    </datafield>
    <datafield tag="260" ind1=" " ind2=" ">
      <subfield code="a">Francofvrti :</subfield>
      <subfield code="b">ex officina typographica Martini Lechleri,</subfield>
      <subfield code="c">1591.</subfield>
    </datafield>
    <datafield tag="300" ind1=" " ind2=" ">
      <subfield code="a">38 p. ;</subfield>
      <subfield code="c">in-8 (17 cm)</subfield>
    </datafield>
    <datafield tag="336" ind1=" " ind2=" ">
      <subfield code="a">tekst</subfield>
      <subfield code="b">txt</subfield>
      <subfield code="2">rdacontent/dut</subfield>
    </datafield>
    <datafield tag="337" ind1=" " ind2=" ">
      <subfield code="a">zonder medium</subfield>
      <subfield code="b">n</subfield>
      <subfield code="2">rdamedia/dut</subfield>
    </datafield>
    <datafield tag="338" ind1=" " ind2=" ">
      <subfield code="a">band</subfield>
      <subfield code="b">nc</subfield>
      <subfield code="2">rdacarrier/dut</subfield>
    </datafield>
    <datafield tag="500" ind1=" " ind2=" ">
      <subfield code="a">Collatieformule: A-B⁸ C⁴ (C4 blanco).</subfield>
    </datafield>
    <datafield tag="510" ind1="4" ind2=" ">
      <subfield code="a">Verzeichnis der im deutschen Sprachbereich erschienenen Drucke des 16. Jahrhunderts (VD 16),</subfield>
      <subfield code="c">K 522</subfield>
    </datafield>
    <datafield tag="510" ind1="4" ind2=" ">
      <subfield code="a">Van Someren,</subfield>
      <subfield code="c">448</subfield>
    </datafield>
    <datafield tag="600" ind1="0" ind2="4">
      <subfield code="a">Gregorius</subfield>
      <subfield code="b">XIV,</subfield>
      <subfield code="c">paus,</subfield>
      <subfield code="d">1535-1591.</subfield>
      <subfield code="0">(NL-LeOCL)072482591</subfield>
    </datafield>
    <datafield tag="655" ind1=" " ind2="7">
      <subfield code="a">Brieven (vorm)</subfield>
      <subfield code="2">gtt</subfield>
      <subfield code="0">(NL-LeOCL)088142167</subfield>
    </datafield>
    <datafield tag="710" ind1="0" ind2=" ">
      <subfield code="a">Lechler, Martin (Frankfort am Main)</subfield>
      <subfield code="4">prt</subfield>
      <subfield code="0">(NL-LeOCL)080258832</subfield>
    </datafield>
    <datafield tag="758" ind1=" " ind2=" ">
      <subfield code="a">GREGORII XIIII. PAPAE LITTERAE MONITORIALES ad Principes, Duces, Marchiones, etc. Et Archiepiscopos, Episcopos aliósq ; Ecclesiasticos Regni Francorum, qui Regis partes sequuntur. Et ad eas Turonense Senatusconsultum (Text)</subfield>
      <subfield code="1">https://id.oclc.org/worldcat/entity/E39PCFvTFRjMcytVKR6F9dvjyb</subfield>
      <subfield code="4">https://id.oclc.org/worldcat/ontology/hasWork</subfield>
    </datafield>
    <datafield tag="936" ind1=" " ind2=" ">
      <subfield code="a">BATCHLOAD</subfield>
    </datafield>
  </record>